Statistics for Atletico Madrid Goalkeeper By Year

Click here to take the quiz!

General Stats

  • This quiz has been taken 385 times
    (16 since last reset)
  • The average score is 22 of 73

Answer Stats

SeasonGoalkeeper% Correct
2023-24Jan Oblak
100%
2021-22Jan Oblak
100%
2020-21Jan Oblak
100%
2019-20Jan Oblak
100%
2018-19Jan Oblak
100%
2017-18Jan Oblak
100%
2016-17Jan Oblak
100%
2015-16Jan Oblak
100%
2022-23Jan Oblak
100%
2013-14Thibaut Courtois
100%
2012-13Thibaut Courtois
100%
2011-12Thibaut Courtois
100%
2009-10David de Gea
73%
2010-11David de Gea
73%
2014-15Ángel Moyá
53%
1999-00José Molina
27%
1995-96José Molina
27%
1996-97José Molina
27%
1998-99José Molina
27%
1997-98José Molina
27%
2007-08Christian Abbiati
20%
2004-05Leo Franco
20%
2005-06Leo Franco
20%
2006-07Leo Franco
20%
2008-09Leo Franco
20%
1974-75Miguel Reina
20%
1973-74Miguel Reina
20%
1975-76Miguel Reina
20%
1976-77Miguel Reina
20%
1977-78Miguel Reina
20%
1988-89Abel Resino
13%
1987-88Abel Resino
13%
1989-90Abel Resino
13%
1990-91Abel Resino
13%
1991-92Abel Resino
13%
1992-93Abel Resino
13%
1994-95Abel Resino
13%
1960-61Edgardo Madinabeytia
13%
1961-62Edgardo Madinabeytia
13%
1962-63Edgardo Madinabeytia
13%
1963-64Edgardo Madinabeytia
13%
1964-65Edgardo Madinabeytia
13%
1965-66Edgardo Madinabeytia
13%
1956-57Manuel Pazos
13%
1958-59Manuel Pazos
13%
1959-60Manuel Pazos
13%
1957-58Manuel Pazos
13%
1955-56Manuel Pazos
13%
1950-51Marcel Domingo
13%
1971-72Rodri
13%
1970-71Rodri
13%
1969-70Rodri
13%
1967-68Rodri
13%
1972-73Rodri
13%
1986-87Agustín Elduayen
7%
1951-52Argila
7%
1983-84Carlos Pereira
7%
1954-55Carlos Riquelme Miranda
7%
1993-94Diego Díaz Garrido
7%
2002-03Esteban
7%
1979-80José Aguinaga
7%
1980-81José Aguinaga
7%
1981-82José Aguinaga
7%
1978-79José Navarro
7%
1985-86Josua Mejías
7%
1982-83Josua Mejías
7%
1984-85Josua Mejías
7%
1953-54Menéndez
7%
1952-53Montes
7%
1972-73Pacheco Gómez
7%
1966-67San Román
7%
2003-04Sergio Aragoneses
7%
1968-69Zubiarraín
7%

Score Distribution

Percentile by Number Answered

Percent of People with Each Score

Your Score History

You have not taken this quiz since the last reset